| 000 | 01839nam a2200361 c 4500 | ||
|---|---|---|---|
| 003 | BLK | ||
| 005 | 20240205092001.0 | ||
| 008 | 180408b bul|||||r ||||||| ||bul|| | ||
| 010 | _aKNG00085440000 | ||
| 020 |
_a978-954-28-0317-1 _bиздат.: Сиела Софт енд Паблишинг |
||
| 040 | _aBLK | ||
| 041 |
_aBUL _cBUL |
||
| 080 |
_aБългарска литература _b821.163.2 _x-054.7-312.6 _z821.163.2-054.7-312.6 |
||
| 080 |
_aАнглийска литература _b821.111 _x-31 _z821.111-31 |
||
| 100 | 1 |
_aКасабова, Капка _eпърви автор _9299888 |
|
| 700 | 1 |
_aМелнишка, Мариана Христова _eпрев. от англ. _gЕкимова-Мелнишка, Мариана Христова _9366842 |
|
| 700 |
_aЕкимова-Мелнишка, Мариана Христова _9372386 |
||
| 139 |
_aКасабова, Капка _bК 45 |
||
| 245 | 1 | 0 |
_aУлица без име _bДетство и други премеждия в България _cКапка Касабова; прев. от англ. Мариана Христова Мелнишка; * Мариана Христова Екимова-Мелнишка. |
| 250 | _a2. изд. | ||
| 257 | _aBGR | ||
| 260 |
_аСофия _bСиела Софт енд Паблишинг _c2008 |
||
| 300 |
_a336 с. _bсъс сн. _c21 см |
||
| 380 | _aX | ||
| 500 | _aБез сведение за ориг. загл. ; Без сведение за 1. изд. - Пълното име на прев. е Мариана Христова Екимова-Мелнишка. | ||
| 653 | _aромани | ||
| 852 | _aЦб 241213 | ||
| 856 | 4 |
_qpdf _u |
|
| 856 | 4 |
_qpdf _u |
|
| 942 |
_cKNG _n0 _011 |
||
| 944 |
_aCR _c05.09.2008 _lТеодора Пейчева-Дянкова _k30556 |
||
| 944 |
_aED _c18.03.2013 _lф / _k |
||
| 999 |
_c80945 _d80945 |
||